|
|
|
|
| LEADER |
00000nam a2200000Ii 4500 |
| 001 |
DIGOLEJNK1016 |
| 003 |
NyNyDIG |
| 006 |
m o d |
| 007 |
cr ||||||||||| |
| 008 |
221107s2018 cl ob 000 0 spa d |
| 035 |
|
|
|a (OCoLC)1352724914
|
| 040 |
|
|
|a DGITA
|b eng
|e rda
|e pn
|c DGITA
|
| 020 |
|
|
|z 9789563922318
|
| 050 |
1 |
4 |
|a K232.G47 ebook
|
| 100 |
1 |
|
|a Kirchmann, J. H. von
|q (Julius Hermann),
|d 1802-1884,
|e author.
|
| 245 |
1 |
3 |
|a La jurisprudencia no es ciencia :
|b el carácter a-científico de la llamada ciencia del derecho /
|c Julius Hermann von Kirchmann ; estudio liminar, Enrique P. Haba ; presentación, Mariano H. Novelli.
|
| 264 |
|
1 |
|a Santiago, Chile :
|b Ediciones Olejnik,
|c [2018]
|
| 300 |
|
|
|a 1 online resource.
|
| 336 |
|
|
|a text
|b txt
|2 rdacontent
|
| 337 |
|
|
|a computer
|b c
|2 rdamedia
|
| 338 |
|
|
|a online resource
|b cr
|2 rdacarrier
|
| 347 |
|
|
|a text file
|2 rdaft
|
| 347 |
|
|
|b PDF
|
| 490 |
1 |
|
|a Biblioteca de filosofía del derecho
|
| 504 |
|
|
|a Includes bibliographical references.
|
| 588 |
0 |
|
|a Online resource; title from PDF title page (Digitalia, viewed November 7, 2022)
|
| 650 |
|
0 |
|a Jurisprudence.
|
| 650 |
|
0 |
|a Science and law.
|
| 650 |
|
0 |
|a Law
|x Philosophy.
|
| 655 |
|
0 |
|a Electronic books.
|
| 700 |
1 |
|
|a Haba, Enrique Pedro,
|e contributor agent of text.
|
| 700 |
1 |
|
|a Novelli, Mariano H.,
|e contributor agent of text.
|
| 791 |
2 |
|
|a Digitalia (Firm),
|e distributor.
|
| 793 |
0 |
|
|g Digitalia eBook Collection:
|a Ediciones Olejnik
|
| 776 |
0 |
8 |
|i Print version:
|a Kirchmann, J. H. von (Julius Hermann), 1802-1884.
|t Jurisprudencia no es ciencia.
|b Primera edición en Ediciones Olejnik.
|d Santiago, Chile : Ediciones Olejnik, 2018
|z 9789563922318
|
| 830 |
|
0 |
|a Biblioteca de filosofía del derecho.
|
| 856 |
4 |
0 |
|3 Digitalia Hispánica
|u https://www.digitaliapublishing.com/a/105107/
|
| 910 |
|
|
|a Premium collection: 2022
|